000 00819nam a2200229 i 4500
001 28868
003 ES-MaACL
005 20251124170352.0
007 t|
008 030120s1942 sp a |||| | spa d
100 1 _aBagué, Enric,
_d1900-1987
_9161547
245 1 0 _aEdad Media
_b: diez siglos de civilización /
_cEnrique Bagué ; ilustraciones de J. Narro.
250 _a1ª ed.
260 _aBarcelona :
_bLuis Miracle,
_c1942.
300 _a225 p. :
_bil. ;
_c21 cm.
650 0 4 _aCivilización medieval.
_9146249
651 4 _aEuropa-
_xHistoria-
_y0476-1492.
_9160435
700 1 _aNarro, José,
_d1902-
_984950
852 _aES-MaACL
_jB-9867
_z- Enc. cart.
852 _aES-MaACL
_jL-32022
_z- Enc. cart.
_z. - Donat. herederos de la bibl. de Mª del Pilar Costa Palacín
999 _c28868
_d28868